000 00225nam a2200097Ia 4500
008 170619s9999 xx 000 0 und d
100 _aApte / Cohen
245 0 _aManufacturing Automation
260 _bChicago: Irwin
260 _c1997
546 _aENGLISH
999 _c17694
_d17694